01189nam a2200193Ia 4500001001100000003001000011008004100021040002500062041001300087100002600100245006400126250001100190260009100201300002700292500026400319501011400583520026400697650003400961L240-12752IT-CnALBA170116s9999||||xx |||||||||||||| ||und|| aIT-CnALBAcIT-CnALBA aITALIANO aCECI PIETRO, CANONICO 0aIL CHIERICO NELLE VACANZE. PER LA PRATICA DEI SUOI DOVERI.  a1a ed. a ROVIGObISTITUTO PADANO ARTI GRAFICHE c1950 [1° Ed.:1950 - Ed.Ling.Originale: 1950] a182 p. (prefazione: 9) aRISPETTO GRATITUDINE OBBEDIENZA AL PARROCO. PIETÀ FILIALE. AMORE FRATERNO. GENITORI E SUPERIORI. SACERDOTI. TENTAZIONI. RISPETTO UMANO. DISSIPAZIONI. OZIO. CASTITÀ AMICIZIA. LETTURE. PREGHIERA MENTALE VOCALE VITALE. EUCARESTIA RICONCILIAZIONE. SACRO CUORE aSocietà San Paolo EM - Piazza San Paolo, 14 - 12051 ALBA (CN) (non commercial uses only) ® Copyright 2017 aRISPETTO GRATITUDINE OBBEDIENZA AL PARROCO. PIETÀ FILIALE. AMORE FRATERNO. GENITORI E SUPERIORI. SACERDOTI. TENTAZIONI. RISPETTO UMANO. DISSIPAZIONI. OZIO. CASTITÀ AMICIZIA. LETTURE. PREGHIERA MENTALE VOCALE VITALE. EUCARESTIA RICONCILIAZIONE. SACRO CUORE aTEOLOGIA SPIRITUALE CRISTIANA